<?xml version='1.0' encoding='UTF-8'?>
  <record xmlns="http://www.loc.gov/MARC21/slim">
    <leader>00000cam a2200000 i 4500</leader>
    <controlfield tag="001">ocm66433410</controlfield>
    <controlfield tag="003">OCoLC</controlfield>
    <controlfield tag="005">20260416065438.6</controlfield>
    <controlfield tag="008">050911s1538    sz            001 0 lat d</controlfield>
    <datafield tag="040" ind1=" " ind2=" ">
      <subfield code="a">NLGGC</subfield>
      <subfield code="b">eng</subfield>
      <subfield code="e">rda</subfield>
      <subfield code="e">dcrmr</subfield>
      <subfield code="c">NLGGC</subfield>
      <subfield code="d">QGJ</subfield>
      <subfield code="d">OCLCO</subfield>
      <subfield code="d">OCLCA</subfield>
      <subfield code="d">OCLCQ</subfield>
      <subfield code="d">QGJ</subfield>
    </datafield>
    <datafield tag="029" ind1="0" ind2=" ">
      <subfield code="a">NLGGC</subfield>
      <subfield code="b">286802341</subfield>
    </datafield>
    <datafield tag="035" ind1=" " ind2=" ">
      <subfield code="a">(OCoLC)66433410</subfield>
    </datafield>
    <datafield tag="041" ind1="1" ind2=" ">
      <subfield code="a">lat</subfield>
      <subfield code="h">grc</subfield>
    </datafield>
    <datafield tag="100" ind1="1" ind2=" ">
      <subfield code="a">Pontano, Giovanni Gioviano,</subfield>
      <subfield code="d">1429-1503,</subfield>
      <subfield code="e">author.</subfield>
      <subfield code="4">aut</subfield>
      <subfield code="1">https://id.oclc.org/worldcat/entity/E39PBJyRvhjcmT8mRKJCRB7mBP</subfield>
    </datafield>
    <datafield tag="245" ind1="1" ind2="0">
      <subfield code="a">Ioannis Iouiani Pontiani, uiri clarissimi, qui unus ex multis seculis ueram prudentiam cum summa eloquentia iunxisse uidetur, opera quae soluta oratione composuit, omnia, in Tomos tres digesta</subfield>
    </datafield>
    <datafield tag="246" ind1="3" ind2=" ">
      <subfield code="a">Joannis Joviani Pontiani, viri clarissimi, qui unus ex multis seculis veram prudentiam cum summa eloquentia iunxisse videtur, opera quae soluta oratione composuit, omnia, in Tomos tres digesta</subfield>
    </datafield>
    <datafield tag="246" ind1="3" ind2="0">
      <subfield code="a">Opera quae soluta oratione composuit, omnia, in tomos tres digesta</subfield>
    </datafield>
    <datafield tag="246" ind1="1" ind2=" ">
      <subfield code="i">Title of volumes 2-3:</subfield>
      <subfield code="a">Ioannis Ioviani Pontiani, Librorum omnium, quos soluta oratione composuit, Tomus secundus [-tertius]</subfield>
    </datafield>
    <datafield tag="246" ind1="3" ind2=" ">
      <subfield code="a">Joannis Joviani Pontiani, Librorum omnium, quos soluta oratione composuit, Tomus secundus [-tertius]</subfield>
    </datafield>
    <datafield tag="264" ind1=" " ind2="1">
      <subfield code="a">Basileae, :</subfield>
      <subfield code="b">per Andream Cratandrum,</subfield>
      <subfield code="c">mense martio, anno M.D.XXXVIII. [1538]</subfield>
    </datafield>
    <datafield tag="300" ind1=" " ind2=" ">
      <subfield code="a">3 volumes ;</subfield>
      <subfield code="c">22 cm (4to)</subfield>
    </datafield>
    <datafield tag="336" ind1=" " ind2=" ">
      <subfield code="a">text</subfield>
      <subfield code="b">txt</subfield>
      <subfield code="2">rdacontent</subfield>
    </datafield>
    <datafield tag="337" ind1=" " ind2=" ">
      <subfield code="a">unmediated</subfield>
      <subfield code="b">n</subfield>
      <subfield code="2">rdamedia</subfield>
    </datafield>
    <datafield tag="338" ind1=" " ind2=" ">
      <subfield code="a">volume</subfield>
      <subfield code="b">nc</subfield>
      <subfield code="2">rdacarrier</subfield>
    </datafield>
    <datafield tag="340" ind1=" " ind2=" ">
      <subfield code="m">4to</subfield>
      <subfield code="2">rdabf</subfield>
    </datafield>
    <datafield tag="500" ind1=" " ind2=" ">
      <subfield code="a">Printer's name taken from colophon, which reads: "Basileae, per Andream Cratandrum, mense martio, anno M.D.XXXVIII."</subfield>
    </datafield>
    <datafield tag="500" ind1=" " ind2=" ">
      <subfield code="a">Printer's mark on the last page of all three volumes.</subfield>
    </datafield>
    <datafield tag="500" ind1=" " ind2=" ">
      <subfield code="a">Volume 1 contains introductory poems by Joannes Pardus and Hieronymus Carbone, and a contribution by Petrus Summontius.</subfield>
    </datafield>
    <datafield tag="500" ind1=" " ind2=" ">
      <subfield code="a">Pagination: volume 1: [24], 615, [1] pages; volume 2: [8], 596 [that is, 598], [2] pages; volume 3: [8], 169, [15], 382, [2] pages.</subfield>
    </datafield>
    <datafield tag="500" ind1=" " ind2=" ">
      <subfield code="a">Signatures: volume 1: [alpha]-[gamma]⁴ a-z⁴ A-Z⁴ Aa-Zz⁴ AA-HH⁴; volume 2: [alpha]⁴ a-z⁴ A-Z⁴ Aa-Zz⁴ AA-FF⁴; volume 3: a-x⁴ y⁶, ²a⁶ ²b-²z⁴ A-Z⁴ Aa-Cc⁴.</subfield>
    </datafield>
    <datafield tag="500" ind1=" " ind2=" ">
      <subfield code="a">Colophon of first work in tomus 3 (leaf y5v): Excudebat Basileae Andreas Cratander, mense Septembri, anno à Christo nato M.D.XXXI.</subfield>
    </datafield>
    <datafield tag="500" ind1=" " ind2=" ">
      <subfield code="a">With woodcut initials. Decorated border in tomus 3, on leaf ²b1r.</subfield>
    </datafield>
    <datafield tag="500" ind1=" " ind2=" ">
      <subfield code="a">De rebus coelestibus libri XIIII begins with a separate title page (with printer's device), pagination and signing. Imprint year 1530.</subfield>
    </datafield>
    <datafield tag="500" ind1=" " ind2=" ">
      <subfield code="a">Pagination errors: Volume 1: page 178 misnumbered 278, pages 183-184 misnubered 283-284, page 207 misnumbered 167, page 369 misnumbered 366. Volume 3, second count: page 182 misnumbered 184, page 337 misnumbered 345, pages 340-341 misnumbered 348-349, page 344 misnumbered 352.</subfield>
    </datafield>
    <datafield tag="500" ind1=" " ind2=" ">
      <subfield code="a">Includes index.</subfield>
    </datafield>
    <datafield tag="505" ind1="0" ind2=" ">
      <subfield code="a">[Tomus] primus. Continet libros varii generis multijuga eruditione refertos, praecipuè uerò earum rerum, quarum cognitio ad totius reipublicae scientiam imprimis est necessaria --Tomus secundus. Cui insunt: De aspiratione, Lib. II. item, Dialogi festivissimi diversorum argumentorum, nempe Charon. Antonius. Actius. Aegidius. Asinus. De sermone, Lib. VI. Belli, quod Ferdinandus senior Neapolitanorum rex cum Joanne Andegaviensium duce gessit, libri totidem --Tomus tertius. In quo Centum Ptolemaei sententiae, à Pontano è Graeco in Latinum tralatae, atq[ue] expositae. Eiusdem Pontani de rebus coelestibus Libri XIIII. De Luna, liber imperfectus.</subfield>
    </datafield>
    <datafield tag="510" ind1="4" ind2=" ">
      <subfield code="3">Tomus primus:</subfield>
      <subfield code="a">Verzeichnis der im deutschen Sprachbereich erschienenen Drucke des XVI. Jahrhunderts (VD 16),</subfield>
      <subfield code="c">P 4192</subfield>
      <subfield code="u">https://gateway-bayern.de/VD16+P+4192</subfield>
    </datafield>
    <datafield tag="510" ind1="4" ind2=" ">
      <subfield code="3">Tomus secundus:</subfield>
      <subfield code="a">Verzeichnis der im deutschen Sprachbereich erschienenen Drucke des XVI. Jahrhunderts (VD 16),</subfield>
      <subfield code="c">P 4193</subfield>
      <subfield code="u">https://gateway-bayern.de/VD16+P+4193</subfield>
    </datafield>
    <datafield tag="510" ind1="4" ind2=" ">
      <subfield code="3">Tomus tertius:</subfield>
      <subfield code="a">Verzeichnis der im deutschen Sprachbereich erschienenen Drucke des XVI. Jahrhunderts (VD 16),</subfield>
      <subfield code="c">P 4191</subfield>
      <subfield code="u">https://gateway-bayern.de/VD16+P+4191</subfield>
    </datafield>
    <datafield tag="650" ind1=" " ind2="0">
      <subfield code="a">Latin literature, Medieval and modern.</subfield>
    </datafield>
    <datafield tag="650" ind1=" " ind2="0">
      <subfield code="a">Pronunciation</subfield>
      <subfield code="v">Early works to 1800.</subfield>
    </datafield>
    <datafield tag="651" ind1=" " ind2="0">
      <subfield code="a">Naples (Kingdom)</subfield>
      <subfield code="x">History.</subfield>
    </datafield>
    <datafield tag="650" ind1=" " ind2="6">
      <subfield code="a">Littérature latine médiévale et moderne.</subfield>
    </datafield>
    <datafield tag="651" ind1=" " ind2="6">
      <subfield code="a">Naples (Royaume)</subfield>
      <subfield code="x">Histoire.</subfield>
    </datafield>
    <datafield tag="650" ind1=" " ind2="7">
      <subfield code="a">Latin literature, Medieval and modern</subfield>
      <subfield code="2">fast</subfield>
    </datafield>
    <datafield tag="651" ind1=" " ind2="7">
      <subfield code="a">Naples (Kingdom)</subfield>
      <subfield code="2">fast</subfield>
    </datafield>
    <datafield tag="655" ind1=" " ind2="7">
      <subfield code="a">Early works</subfield>
      <subfield code="2">fast</subfield>
    </datafield>
    <datafield tag="655" ind1=" " ind2="7">
      <subfield code="a">History</subfield>
      <subfield code="2">fast</subfield>
    </datafield>
    <datafield tag="700" ind1="1" ind2=" ">
      <subfield code="a">Pardo, Giovanni,</subfield>
      <subfield code="d">-approximately 1512,</subfield>
      <subfield code="e">contributor.</subfield>
      <subfield code="4">ctb</subfield>
    </datafield>
    <datafield tag="700" ind1="1" ind2=" ">
      <subfield code="a">Carbone, Girolamo,</subfield>
      <subfield code="d">approxiamtely 1465-1528,</subfield>
      <subfield code="e">contributor.</subfield>
      <subfield code="4">ctb</subfield>
    </datafield>
    <datafield tag="700" ind1="1" ind2=" ">
      <subfield code="a">Summonte, Pietro,</subfield>
      <subfield code="d">1463-1526,</subfield>
      <subfield code="e">contributor,</subfield>
      <subfield code="e">dedicator.</subfield>
      <subfield code="4">ctb</subfield>
      <subfield code="4">dto</subfield>
      <subfield code="1">https://id.oclc.org/worldcat/entity/E39PBJcGpfb7WDjQwDdwBppF8C</subfield>
    </datafield>
    <datafield tag="700" ind1="1" ind2=" ">
      <subfield code="a">Cratander, Andreas,</subfield>
      <subfield code="d">-1540?</subfield>
      <subfield code="e">printer.</subfield>
      <subfield code="4">prt</subfield>
      <subfield code="1">https://id.oclc.org/worldcat/entity/E39PBJwxMgXBR44wmQhJHWhGpP</subfield>
    </datafield>
    <datafield tag="700" ind1="0" ind2="2">
      <subfield code="i">Container of (expression):</subfield>
      <subfield code="a">Pseudo-Ptolemy.</subfield>
      <subfield code="t">Centiloquium.</subfield>
      <subfield code="l">Latin.</subfield>
      <subfield code="s">(Pontano)</subfield>
    </datafield>
    <datafield tag="700" ind1="0" ind2=" ">
      <subfield code="a">Roberto</subfield>
      <subfield code="b">II,</subfield>
      <subfield code="c">Prince of Salerno,</subfield>
      <subfield code="d">1485-</subfield>
      <subfield code="e">dedicatee.</subfield>
      <subfield code="4">dte</subfield>
    </datafield>
    <datafield tag="700" ind1="0" ind2=" ">
      <subfield code="a">Alfonso</subfield>
      <subfield code="b">II,</subfield>
      <subfield code="c">King of Naples,</subfield>
      <subfield code="d">1448-1495,</subfield>
      <subfield code="e">dedicatee.</subfield>
      <subfield code="4">dte</subfield>
    </datafield>
    <datafield tag="700" ind1="1" ind2=" ">
      <subfield code="a">Syncerus, Actius,</subfield>
      <subfield code="e">contributor,</subfield>
      <subfield code="e">dedicatee.</subfield>
      <subfield code="4">ctb</subfield>
      <subfield code="4">dte</subfield>
    </datafield>
    <datafield tag="700" ind1="1" ind2=" ">
      <subfield code="a">Zenonis, Rutilius,</subfield>
      <subfield code="d">-1514,</subfield>
      <subfield code="e">dedicatee.</subfield>
      <subfield code="4">dte</subfield>
    </datafield>
    <datafield tag="700" ind1="1" ind2=" ">
      <subfield code="a">Colocci, Angelo,</subfield>
      <subfield code="d">1474-1549,</subfield>
      <subfield code="e">dedicatee.</subfield>
      <subfield code="4">dte</subfield>
      <subfield code="1">https://id.oclc.org/worldcat/entity/E39PBJyCFCrwGHvGm7RcX6t3Qq</subfield>
    </datafield>
    <datafield tag="700" ind1="1" ind2=" ">
      <subfield code="a">Acquaviva, Andrea Matteo,</subfield>
      <subfield code="c">duca d'Atri,</subfield>
      <subfield code="d">1458-1529,</subfield>
      <subfield code="e">dedicatee.</subfield>
      <subfield code="4">dte</subfield>
      <subfield code="1">https://id.oclc.org/worldcat/entity/E39PBJj4wgk7RvbmfdBRrgFdwC</subfield>
    </datafield>
    <datafield tag="700" ind1="1" ind2=" ">
      <subfield code="a">Ferrillo, Giacomo Alfonso,</subfield>
      <subfield code="d">-1530,</subfield>
      <subfield code="e">dedicatee.</subfield>
      <subfield code="4">dte</subfield>
    </datafield>
    <datafield tag="700" ind1="1" ind2=" ">
      <subfield code="a">Tomacellus, Marinus,</subfield>
      <subfield code="d">1419-1515,</subfield>
      <subfield code="e">dedicatee.</subfield>
      <subfield code="4">dte</subfield>
    </datafield>
    <datafield tag="700" ind1="1" ind2=" ">
      <subfield code="a">Puderico, Francisco,</subfield>
      <subfield code="d">-1528,</subfield>
      <subfield code="e">dedicatee.</subfield>
      <subfield code="4">dte</subfield>
    </datafield>
    <datafield tag="700" ind1="0" ind2=" ">
      <subfield code="a">Egidio,</subfield>
      <subfield code="c">da Viterbo, Cardinal,</subfield>
      <subfield code="d">1469?-1532,</subfield>
      <subfield code="e">dedicatee.</subfield>
      <subfield code="4">dte</subfield>
      <subfield code="1">https://id.oclc.org/worldcat/entity/E39PBJd3JM3dDPtvvX9r7KVcT3</subfield>
    </datafield>
    <datafield tag="700" ind1="1" ind2=" ">
      <subfield code="a">Suardus, Suardinus,</subfield>
      <subfield code="d">-approximately 1536,</subfield>
      <subfield code="e">dedicatee.</subfield>
      <subfield code="4">dte</subfield>
    </datafield>
    <datafield tag="700" ind1="1" ind2=" ">
      <subfield code="a">Peto, Francesco,</subfield>
      <subfield code="e">dedicatee.</subfield>
      <subfield code="4">dte</subfield>
    </datafield>
    <datafield tag="700" ind1="1" ind2=" ">
      <subfield code="a">Piccolomini, Francesco,</subfield>
      <subfield code="d">approximately 1479-approximately 1530,</subfield>
      <subfield code="e">dedicatee.</subfield>
      <subfield code="4">dte</subfield>
    </datafield>
    <datafield tag="700" ind1="0" ind2=" ">
      <subfield code="a">Federico,</subfield>
      <subfield code="c">da Montefeltro, Duke of Urbino,</subfield>
      <subfield code="d">1422-1482,</subfield>
      <subfield code="e">dedicatee.</subfield>
      <subfield code="4">dte</subfield>
      <subfield code="1">https://id.oclc.org/worldcat/entity/E39PBJbGYFQYP6pjcxFhjfQXh3</subfield>
    </datafield>
    <datafield tag="700" ind1="1" ind2=" ">
      <subfield code="a">Compater, Pietro,</subfield>
      <subfield code="d">1431-1501,</subfield>
      <subfield code="e">dedicatee.</subfield>
      <subfield code="4">dte</subfield>
    </datafield>
    <datafield tag="700" ind1="1" ind2=" ">
      <subfield code="a">Mousouros, Markos,</subfield>
      <subfield code="d">approximately 1470-1517,</subfield>
      <subfield code="e">dedicatee.</subfield>
      <subfield code="4">dte</subfield>
      <subfield code="1">https://id.oclc.org/worldcat/entity/E39PBJbxJ9dBy38G6KTP6DX68C</subfield>
    </datafield>
    <datafield tag="700" ind1="1" ind2=" ">
      <subfield code="a">Bembo, Pietro,</subfield>
      <subfield code="d">1470-1547,</subfield>
      <subfield code="e">dedicatee.</subfield>
      <subfield code="4">dte</subfield>
      <subfield code="1">https://id.oclc.org/worldcat/entity/E39PBJjt6Br6byqDvjPTjTfKBP</subfield>
    </datafield>
    <datafield tag="700" ind1="1" ind2=" ">
      <subfield code="a">Manuzio, Aldo,</subfield>
      <subfield code="d">1449 or 1450-1515,</subfield>
      <subfield code="e">dedicatee.</subfield>
      <subfield code="4">dte</subfield>
      <subfield code="1">https://id.oclc.org/worldcat/entity/E39PBJh4ByfTK4rHRWkcKRVt8C</subfield>
    </datafield>
    <datafield tag="700" ind1="1" ind2=" ">
      <subfield code="a">De' Pazzi, Cosimo,</subfield>
      <subfield code="d">1466-1513,</subfield>
      <subfield code="e">dedicatee.</subfield>
      <subfield code="4">dte</subfield>
    </datafield>
    <datafield tag="700" ind1="1" ind2=" ">
      <subfield code="a">Cortesi, Paolo,</subfield>
      <subfield code="d">1465-1510,</subfield>
      <subfield code="e">dedicatee.</subfield>
      <subfield code="4">dte</subfield>
      <subfield code="1">https://id.oclc.org/worldcat/entity/E39PBJg8yDpvqbyCvFDK67dJDq</subfield>
    </datafield>
    <datafield tag="700" ind1="1" ind2=" ">
      <subfield code="a">Guevara, Antonio de,</subfield>
      <subfield code="c">conte di Potenza,</subfield>
      <subfield code="d">1454-1513,</subfield>
      <subfield code="e">dedicatee.</subfield>
      <subfield code="4">dte</subfield>
    </datafield>
    <datafield tag="700" ind1="1" ind2=" ">
      <subfield code="a">Prassicius, Paulus,</subfield>
      <subfield code="e">dedicatee.</subfield>
      <subfield code="4">dte</subfield>
    </datafield>
    <datafield tag="740" ind1="0" ind2=" ">
      <subfield code="a">Ioannis Iouiani Pontani De rebus coelestibus Libri XIIII. Eiusdem de Luna fragmentum.</subfield>
    </datafield>
    <datafield tag="752" ind1=" " ind2=" ">
      <subfield code="a">Switzerland</subfield>
      <subfield code="d">Basel,</subfield>
      <subfield code="e">publication place.</subfield>
      <subfield code="4">pup</subfield>
    </datafield>
    <datafield tag="936" ind1=" " ind2=" ">
      <subfield code="a">BATCHLOAD</subfield>
    </datafield>
  </record>